Mystery Taylor Swift Song #94 - Statistics

General Stats
  • This quiz has been taken 312 times
  • The average score is 84 of 116
Answer Stats
Song % Correct
(I
97%
I
97%
a
96%
love
95%
the
95%
an
94%
ya
94%
you)
94%
you
94%
and
92%
to
92%
The Tortured Poets Department
91%
for
90%
it
90%
my
90%
on
90%
But
89%
me
89%
we
89%
your
89%
be
88%
in
87%
it's
87%
they
86%
were
86%
you're
86%
Fortnight
85%
fortnight
85%
no
85%
was
85%
what
84%
life
83%
life)
83%
get
82%
is
82%
there
82%
her
81%
wanna
81%
All
80%
come
80%
of
80%
only
80%
ruining
80%
one
78%
say
78%
supposed
78%
this
78%
away
77%
kill
77%
Til
77%
forgot
76%
sent
74%
want
74%
about
73%
are
73%
flowers
73%
him
73%
touch
73%
Now
72%
wife
72%
new
71%
Run
71%
alcoholic
70%
reason
70%
up
70%
functioning
67%
hope
67%
okay
67%
forever
66%
husband
66%
into
66%
nobody
66%
touched
66%
won't
66%
cheating
65%
noticed
65%
February
64%
quiet
64%
waters
64%
at
63%
blame
63%
good
63%
move
63%
endless
62%
America
61%
Florida
61%
neighbors
61%
stuck
61%
treason?
61%
aesthetic
60%
lost
60%
Mondays
60%
took
60%
weather
60%
backyard
59%
callin'
59%
here's
59%
pick
59%
ask
58%
mornings
58%
effects
57%
temporary
57%
car
56%
drug
56%
Thought
56%
calling
55%
'Nother
55%
sometimes
55%
turned
55%
miracle
54%
together
54%
buy
52%
start
50%
mailbox
46%
sweater
38%
comment
34%
No matching quizzes found
Score Distribution
Percent of People with Each Score
Percentile by Number Answered
Your Score History
You have not taken this quiz